000 00625nam a2200181Ia 4500
999 _c2632
_d2632
008 200103s 2001 ||||xx |||||||||||||| ||und||
020 _a9280151142
082 _a623.888
_bIMO
110 _aInternational Maritime Organization
245 0 _aGuidelines on the enhanced programme of inspections during surveys of bulk carriers and oil tankers: resolution A.744(18) as amended in 1996 and 1997
250 _a2001 Edition
260 _bInternational Maritime Organization
_c2001
_aLondon
300 _aix, 144 p.
650 _aShips - Inspection
650 _aSurveyors, Marine
650 _aTankers
942 _cBK